Human Heart Map Quiz - Statistics

General Stats
  • This quiz has been taken 1,852 times
  • The average score is 7 of 13
Answers on the Map
Answers color-coded by a green-red scale on the quiz's map according to % correct below.
 
Answer Stats
Answer % Correct
Aorta
83%
Left Atrium
68%
Right Ventricle
64%
Left Ventricle
63%
Inferior Vena Cava
59%
Right Atrium
53%
Superior Vena Cava
53%
Mitral Valve
50%
Pulmonary Artery
50%
Aortic Value
49%
Tricuspid Valvue
48%
Pulmonary Vein
44%
Pulmonary Valve
42%
No matching quizzes found
Score Distribution
Percent of People with Each Score
Percentile by Number Answered
Your Score History
You have not taken this quiz